Datum a čas kvízu
22
Celkem bodů
Celkový počet nahraných bodů na tomto kvízu bez doplňovacích otázek.
5.
Pořadí na kvízu
Konečné umístění týmu na tomto kvízu.
Zaznamenané odpovědi
| # | Otázka | Odpověď | Body | Výsledky |
|---|---|---|---|---|
| 1. | Jak se jmenuje světoznámá česk... | Eva Jiřičná | 0 | |
| 2. | Americký prezident Joe Biden s... | panda | 0 | |
| 3. | Který pár zvítězil minulý týde... | Trabo, Kristi | 0 | |
| 4. | Ruské úřady vyměřily minulý tý... | 0 | ||
| 5. | Minulý týden se konalo předává... | Rodri, Aitana Bonmatí | 0 | |
| 6. | Před časem jsme se vás ptali n... | pomeranče | 0 | |
| 7. | Ve které zemi má původ takovát... | v Mexiku | 1 | |
| 8. | Ve vesnici Castrillo de Murcía... | C | 0 | |
| 9. | Velmi kontroverzní událost kri... | o velbloudy | 0 | |
| 10. | I řada našich tradic může na c... | Jízda králů | 1 |